Economía de la innovación y desarrollo /
Guardado en:
| Otros Autores: | , , |
|---|---|
| Formato: | Libro |
| Idioma: | Spanish English |
| Edición: | Primera edición. |
| Series: | Economía y demografía (Mexico City, Mexico)
|
| Materias: | |
| Etiquetas: |
Agregar Etiqueta
Sin Etiquetas, Sea el primero en etiquetar este registro!
|
| LEADER | 01597cam a22003615a 4500 | ||
|---|---|---|---|
| 001 | EAD.ead003402 | ||
| 008 | 121016s2011####mx#a#####b####000#0#spa#c | ||
| 005 | 20160622122440.0 | ||
| 245 | 0 | 0 | |a Economía de la innovación y desarrollo / |c coordinadores, Jaime Aboites, Juan Manuel Corona ; por Giovanni Dosi [y otros treinta y cuatro]. |
| 250 | |a Primera edición. | ||
| 264 | |a México, D.F. : |b Universidad Autónoma Metropolitana ; |b Siglo Veintiuno Editores, |c 2011. | ||
| 300 | |a 558 páginas : |b ilustraciones ; |c 23 cm. | ||
| 336 | |a text |2 rdacontent | ||
| 337 | |a unmediated |2 rdamedia | ||
| 338 | |a volume |2 rdacarrier | ||
| 490 | 1 | |a Economía y demografía | |
| 500 | |a Incluye el trabajo "Capacidades empresariales, innovación y ciclo de vida en empresa de base tecnológica en México", por Arturo Torres-Vargas, Javier Jasso y Claudia Flores. | ||
| 504 | |a Incluye referencias bibliográficas. | ||
| 546 | |a "Artículos en español e inglés" | ||
| 020 | |a 9786070303364 | ||
| 700 | 1 | |a Aboites, Jaime. | |
| 700 | 1 | |a Corona, Juan Manuel. | |
| 700 | 1 | |a Jasso Villazul, Javier |t Capacidades empresariales, innovación y ciclo de vida en empresa de base tecnológica en México. | |
| 830 | 0 | |a Economía y demografía (Mexico City, Mexico) | |
| 082 | 0 | 4 | |a 658.406 |2 21 |
| 650 | 7 | |a Innovaciones tecnológicas. |2 unbist | |
| 650 | 7 | |a Desarrollo económico. |2 unbist | |
| 651 | 7 | |a México. |2 unbist | |
| 010 | |a 2012461589 | ||
| 040 | |a CGU |b eng |c CGU |e rda |d DLC | ||
| 041 | |a spa |a eng | ||
| 050 | 0 | 0 | |a HC140.T4 |b E36 2011 |
| 859 | |a AR-BaBDC |b BIB. ADMINISTRACION - Libros |h 658.406 |i J314-4 |p b06531 | ||
